00630nam a2200169Ia 4500001001000000003000500010008004100015010001100056040000900067100002600076245010600102260003500208300001000243502010800253650005100361710004800412Para_3023CHAP220125s1970 xx 000 0 und d a201532 cCHAP aRamos Landey, Agustin aCombate de malezas con herbicidas en cebada de temporal en Chapingo, Méx. /c Agustin Ramos Landey aChapingo, Méx. :b El autor a54 h. aTesis (Ing. Agr. Esp. en Parasitología Agrícola) -- ENA. Departamento de Parasitología Agrícola aCebada x Malas hierbas x Control Herbicidas aENA. Departamento de Parasitologia Agricola